000 00349nam a2200145 i 4500
001 bg
100 1 _aDMITRENKO, G. V.
245 0 _aFizika.
_nC. 2,
_pMolekuljarnaja fizika i teplota /
_cG.V. Dmitrenko.
260 _aMoskva,
_c1971.
040 _cBPK
041 _apol
080 _a539.1
942 _cKS
008 s pl f |000 0 pol
999 _c9296
_d9296
856 _uhttp://koha.tu.koszalin.pl/cgi-bin/koha/opac-detail.pl?biblionumber=9296
_yKatalog online BPK